Statistics for 2012 Miami Heat Roster

Click here to take the quiz!

General Stats

  • This quiz has been taken 2,189 times
    (2,152 since last reset)
  • The average score is 8 of 16

Answer Stats

Player % Correct
LeBron James
99%
Dwyane Wade
97%
Chris Bosh
96%
Mario Chalmers
85%
Udonis Haslem
69%
Shane Battier
62%
Mike Miller
61%
Norris Cole
61%
Joel Anthony
48%
James Jones
48%
Juwan Howard
29%
Dexter Pittman
20%
Ronny Turiaf
13%
Eddy Curry
13%
Terrel Harris
12%
Mickell Gladness
6%

Score Distribution

Percentile by Number Answered

Percent of People with Each Score

Your Score History

You have not taken this quiz since the last reset